| 000 | 00485nam a22001817a 4500 | ||
|---|---|---|---|
| 005 | 20230403153611.0 | ||
| 008 | 230401b |||||||| |||| 00| 0 eng d | ||
| 020 | _a9788121928847 | ||
| 041 | _aeng | ||
| 082 | _a543.3 SHA-E | ||
| 100 |
_aSHARMA ,Y.R _97706 |
||
| 245 | _aELEMENTARY ORGANIC SPECTROSCOPY PRINCIPLES AND CHEMICAL APPLICATIONS | ||
| 250 | _a5th ed. | ||
| 260 |
_bS.CHAND PUBLICATION _c2021 |
||
| 300 | _a369;P. | ||
| 650 |
_aPHARMACY _xB.PHARMA _97707 |
||
| 942 | _cBK | ||
| 999 |
_c8270 _d8268 |
||